[Event "GBR-ch 50+ 106th"]
[Site "Torquay"]
[Date "2019.08.04"]
[Round "7.9"]
[White "Jackson, Sheila"]
[Black "Wilson, Edgar"]
[Result "1-0"]
[WhiteElo "2063"]
[BlackElo "1755"]
[PlyCount "57"]
[EventDate "2019.07.29"]
[EventType "swiss"]
[EventRounds "7"]
[EventCountry "ENG"]
[SourceTitle "EXT 2021"]
[Source "ChessBase"]
[SourceDate "2020.10.23"]
[SourceVersion "1"]
[SourceVersionDate "2020.10.23"]
[SourceQuality "1"]

1. e4 e6 2. d4 d5 3. Nd2 Nf6 4. e5 Nfd7 5. Bd3 c5 6. c3 Nc6 7. Ne2 cxd4 8. cxd4 f6 9. exf6 Nxf6 10. Nf3 Bd6 11. 0-0 0-0 12. Bf4 Bxf4 13. Nxf4 Qd6 14. g3 Ne4 15. Re1 Rxf4 16. gxf4 Qxf4 17. Bxe4 dxe4 18. Ne5 Nxe5 19. dxe5 b6 20. Qd8+ Kf7 21. Re3 Qxe5 22. Rc1 Qd5 23. Rc7+ Kg6 24. Qe8+ Kh6 25. Rxc8 Rxc8 26. Qxc8 Qxa2 27. Qf8 Kg6 28. Rg3+ Kh5 29. Qxg7 1-0